00794nam a2200217 a 450000100100000000500170001000800410002704000250006808200190009310000340011224500470014626000360019330000270022950000640025659000260032065000280034665000310037491000370040595201170044299900170055900001193720240412074229.0091102t1995 dr a 001 p spa d aDO-SdBNPbspacBNPHU aRD861.44bO96s1 aOvalles, Pedro,d1957-92378110aSiempre tú :bpoesía /cPedro Ovalles. aSanto Domingo :bTaller,c1995. a30 p. :bil. ;c17 cm. aIncluye datos biográficos del autor en la contracubierta. aInventariado, 2018/LP 0aPoesía dominicana966 0aLiteratura dominicana.967 aValidado. Control de calidad EMS 0010718PDaPDbPDcHDd2009-11-02iLF1l0oRD861.44 O96sp11937-10r2020-06-25w2020-06-25yLFPDZNo se presta c11607d11607